Henry the Eighth. (Record no. 67063)
[ view plain ]
| 000 -LEADER | |
|---|---|
| fixed length control field | 00796cam4a220021700 4500 |
| 001 - CONTROL NUMBER | |
| control field | tmp15402874 |
| 003 - CONTROL NUMBER IDENTIFIER | |
| control field | UPRA |
| 005 - DATE AND TIME OF LATEST TRANSACTION | |
| control field | 20190815104818.0 |
| 008 - FIXED-LENGTH DATA ELEMENTS--GENERAL INFORMATION | |
| fixed length control field | 950804s1946 enk eng u |
| 035 ## - SYSTEM CONTROL NUMBER | |
| System control number | (Sirsi) r78531 |
| 035 ## - SYSTEM CONTROL NUMBER | |
| System control number | (UPRA)tmp15402874 |
| 040 ## - CATALOGING SOURCE | |
| Transcribing agency | UPRA |
| 050 #0 - LIBRARY OF CONGRESS CALL NUMBER | |
| Classification number | DA 332 Hac 1946 |
| 100 1# - MAIN ENTRY--PERSONAL NAME | |
| Personal name | Hackett, Francis, 1883-1962. |
| Dates associated with a name | Hackett, Francis, 1883-1962. |
| Linkage | A38359.1 |
| 245 10 - TITLE STATEMENT | |
| Title | Henry the Eighth. |
| 260 ## - PUBLICATION, DISTRIBUTION, ETC. | |
| Place of publication, distribution, etc. | London : |
| Name of publisher, distributor, etc. | Reprint Society, |
| Date of publication, distribution, etc. | [1946] |
| 500 ## - GENERAL NOTE | |
| General note | First published 1929. |
| 600 00 - SUBJECT ADDED ENTRY--PERSONAL NAME | |
| Personal name | Henry VIII, King of England, 1491-1547. |
| Numeration | Henry VIII, King of England, 1491-1547. |
| Titles and other words associated with a name | Henry VIII, King of England, 1491-1547. |
| Dates associated with a name | Henry VIII, King of England, 1491-1547. |
| Linkage | S29933.1 |
| 949 ## - LOCAL PROCESSING INFORMATION (OCLC) | |
| a | DA 332 Hac 1946 |
| w | lcc |
| c | 1 |
| i | 33729000028295 |
| m | MAIN |
| p | 2500 |
| t | BOOK |
| l | ON-SHELF |
No items available.